000 00491nam a2200145Ia 4500
008 220217s9999 xx 000 0 und d
100 _aPremraj
245 0 _aMolecular cloning and sequence characterization of cis-prenyl transferace 2 gene from Hevea brasiliensis (clone RRII 430)
260 _bCochin University of Science and Technology
_a Kochi
_c2008
300 _a51
500 _aAvailable at Biotechnology
500 _aCourse: M.Sc.
700 _aDr A Thulaseedharan
942 _cTS
999 _c74236
_d74236